000 00600cam a22002053a 4500
001 46039
003 PGUSA
005 20140828084057.0
008 140620s2014||||xxu|||||s|||||000 | eng d
040 _aPGUSA
_beng
042 _adc
100 1 _aMaxim, Hudson
245 1 0 _aDynamite Stories ;
_band, some interesting facts about explosives
_h[electronic resource] /
_cHudson Maxim
260 _bProject Gutenberg,
_c2014
506 _aPublic domain in the USA.
516 _aElectronic text
830 0 _aProject Gutenberg
_v46039
856 4 0 _uhttp://www.gutenberg.org/ebooks/46039
942 _cEB
999 _c275288
_d275288